Málaga CF Squad 2017-2018 - Statistics

General Stats
  • This quiz has been taken 21 times
  • The average score is 19 of 36
Answer Stats
# Position Nation Player % Correct
10 MF Venezuela Juanpi Añor
86%
18 DF Venezuela Roberto Rosales
86%
16 FW Venezuela Adalberto Peñaranda
79%
26 FW Morocco Youssef En-Nesyri
79%
3 DF Spain Diego González
71%
5 MF Argentina Esteban Rolón
71%
7 DF Spain Juankar
71%
1 GK Spain Roberto Jiménez
71%
11 FW Uruguay Chory Castro
64%
24 FW Uruguay Diego Rolán
64%
15 DF Uruguay Federico Ricca
64%
- Coach Spain José González
64%
7 MF Chile Manuel Iturra
64%
- Coach Spain Míchel
64%
8 MF Spain Adrián González
57%
9 FW Spain Borja Bastón
57%
19 MF Argentina Emanuel Cecchini
57%
4 DF Spain Luis Hernández
57%
22 DF France Paul Baysse
57%
13 GK Turkey Cenk Gönen
50%
17 FW Spain Javier Ontiveros
50%
25 MF Algeria Mehdi Lacen
50%
23 DF Spain Miguel Torres
50%
14 MF Spain Recio
50%
6 MF Serbia Zdravko Kuzmanović
50%
17 FW Nigeria Isaac Success
43%
13 GK Spain Andrés Prieto
36%
12 FW Nigeria Brown Ideye
36%
2 DF Spain Ignasi Miquel
36%
20 FW Spain Keko
36%
22 FW Belgium Maxime Lestienne
36%
21 FW Spain Samu García
36%
21 FW Spain Jony
29%
12 DF Spain Miguel Cifuentes
29%
19 MF Spain Alberto Bueno
21%
28 FW Spain Álex Mula
21%
No matching quizzes found
Score Distribution
Percent of People with Each Score
Percentile by Number Answered
Your Score History
You have not taken this quiz